| 000 | 005720000a22001570004500 | ||
|---|---|---|---|
| 008 | 110131t xxu||||| |||| 00| 0 eng d | ||
| 082 | _a27309 | ||
| 090 |
_c27309 _d27309 |
||
| 100 |
_aAthieno, Peace _914212 |
||
| 245 |
_aStrategic management ; the driving force behind non profit organisation : _b child restoration outreach- Jinja branch / _cAthieno Peace |
||
| 260 |
_aNkozi : _b Uganda Martyrs University, _c2003 |
||
| 300 |
_avi, 45 p. ; _c30 cm. |
||
| 500 | _aBusiness administration and management | ||
| 650 |
_aStrategic management _9619 |
||
| 942 |
_cDISS _2ddc _02 |
||
| 999 |
_c27309 _d27309 |
||